| 000 | 01401cam a2200217 4500500 | ||
|---|---|---|---|
| 005 | 20251228055843.0 | ||
| 041 | _afre | ||
| 042 | _adc | ||
| 100 | 1 | 0 |
_aSalvat, Françoise _eauthor |
| 700 | 1 | 0 |
_aBatchir, Malik _eauthor |
| 245 | 0 | 0 | _aApprendre comment et pourquoi ? |
| 260 | _c2006. | ||
| 500 | _a68 | ||
| 520 | _aRésuméPartant d’une présentation des caractéristiques des publics en difficulté d’insertion socioprofessionnelle accueillis dans le cadre des dispositifs de formation mis en place par defi, cet article présente les principes et pratiques pédagogiques des équipes de formation.L’accent est mis sur les modalités retenues pour développer l’acquisition et le renforcement des savoirs de base qui reposent sur une logique de « l’apprendre à apprendre », prenant en compte les situations spécifiques de chaque stagiaire et la valorisation des expériences en entreprise.En fin d’article, un formateur de l’équipe précise les démarches de médiation utilisées pour modifier les attitudes des jeunes face à l’apprentissage. | ||
| 690 | _agestion de l'alternance | ||
| 690 | _apublics en difficulté d'insertion | ||
| 690 | _aremédiation cognitive | ||
| 690 | _asavoirs de base | ||
| 786 | 0 | _nEmpan | 63 | 3 | 2006-11-01 | p. 84-91 | 1152-3336 | |
| 856 | 4 | 1 | _uhttps://shs.cairn.info/revue-empan-2006-3-page-84?lang=fr&redirect-ssocas=7080 |
| 999 |
_c1586534 _d1586534 |
||